Derecho de familia nuevos retos y realidades : estudios jurd̕icos de aproximacin̤ del derecho latinoamericano y europeo /

Bibliographic Details
Main Author: Rodrg̕uez Ferrǹdez, Samuel
Other Authors: Peralta y Carrasco, Manuel de (Editor literario), Acedo Penco, ℓngel (Editor literario), Silva Sǹchez, Antonio (Editor literario)
Format: eBook
Language:Spanish
Subjects:
Online Access:Acceso restringido

MARC

LEADER 00000nam a2200000 i 4500
005 2017102408038.0
007 cr |||| |||||
008 170214s2016 sp |||| ob||||0|0 0 spa|c
020 |a 9788491480747  
035 |a 20743 
040 |a ES-BaICA  |b cat  |e rda  |c ES-BaICA   |d vLex 
090 |c 7134  |d 7134 
100 1 |a Rodrg̕uez Ferrǹdez, Samuel 
245 1 0 |a Derecho de familia   |h [Recurso electrn̤ico] :  |b nuevos retos y realidades : estudios jurd̕icos de aproximacin̤ del derecho latinoamericano y europeo /   |c Manuel Peralta Carrasco, director ; ℓngel Acedo Penco, coordinador Espaą y Latinoamřica ; Antonio Silva Sǹchez, coordinador Europa 
256 |a Servicio en ln̕ea 
300 |a 1 recurso electrn̤ico 
504 |a Bibliografa̕ 
546 |a Textos en castellano y en inglš 
650 7 |a Derecho de familia   |z Espaą 
650 7 |a Derecho de familia  |z Uni ̤Europea, Pas̕es de la 
650 7 |a Derecho de familia  |z Amřica Latina 
650 7 |a Derecho de familia  
700 1 |a Peralta y Carrasco, Manuel de  |e Editor literario 
700 1 |a Acedo Penco, ℓngel  |e Editor literario 
700 1 |a Silva Sǹchez, Antonio  |e Editor literario 
740 0 |a vLex Libros (Servicio en ln̕ea) 
856 |z Acceso restringido  |u http://vlex.com/source/derecho-de-familia-nuevos-retos-y-realidades-20743 
856 |z Accš restringit als usuaris de la UB, UAB, UPF, URV i UOC 
942 |c BOOK 
999 0 |a Domestic relations